[Event "HUN-ch Rapid"]
[Site "Ajka"]
[Date "2022.07.15"]
[Round "1"]
[White "Fellegi, Zoltan"]
[Black "Antal, Gergely"]
[Result "0-1"]
[WhiteElo "1978"]
[BlackElo "2571"]
[PlyCount "94"]
[EventDate "2022.07.15"]
[EventType "swiss (rapid)"]
[EventRounds "13"]
[EventCountry "HUN"]
[SourceTitle "CBM 209 Extra"]
[Source "ChessBase"]
[SourceDate "2022.09.30"]
[SourceVersion "1"]
[SourceVersionDate "2022.09.30"]
[SourceQuality "1"]

1. e4 c6 2. d3 d5 3. Nc3 e5 4. Nf3 Bg4 5. Be2 d4 6. Nb1 Bxf3 7. Bxf3 Nf6 8. a4 Bd6 9. Na3 Nbd7 10. 0-0 Bc7 11. Nc4 a6 12. b4 b5 13. Nd2 Bd6 14. Ba3 Qe7 15. Rb1 Nb6 16. a5 Na4 17. Rb3 0-0 18. Nb1 c5 19. bxc5 Bxc5 20. Bc1 Bb4 21. Bd2 Bxd2 22. Qxd2 Rac8 23. Bd1 Nd7 24. f4 exf4 25. Qxf4 Ne5 26. Nd2 Rc6 27. Qf2 Rd8 28. h3 Rf6 29. Nf3 Nc3 30. Qg3 Nxd1 31. Qxe5 Qxe5 32. Nxe5 Rxf1+ 33. Kxf1 Rc8 34. Nf3 Rxc2 35. Nxd4 Ne3+ 36. Kg1 Rxg2+ 37. Kh1 Ra2 38. Rc3 g6 39. Nc6 Nd1 40. Rc1 Nf2+ 41. Kg1 Nxd3 42. Rd1 Nf2 43. Rd8+ Kg7 44. Ra8 Nxh3+ 45. Kf1 b4 46. Rb8 Nf4 47. Rxb4 Ra1+ 0-1

[Event "HUN-chT2 Breyer 1819"]
[Site "Hungary"]
[Date "2019.04.28"]
[Round "9.7"]
[White "Fellegi, Zoltan"]
[Black "Nagy, Csaba1111"]
[Result "1/2-1/2"]
[WhiteElo "1953"]
[BlackElo "1947"]
[PlyCount "68"]
[EventDate "2018.10.28"]
[EventType "team-tourn"]
[EventRounds "9"]
[EventCountry "HUN"]
[SourceTitle "EXT 2021"]
[Source "ChessBase"]
[SourceDate "2020.10.23"]
[SourceVersion "1"]
[SourceVersionDate "2020.10.23"]
[SourceQuality "1"]
[WhiteTeam "Szekesfehervar"]
[BlackTeam "Torokbalint"]
[WhiteTeamCountry "HUN"]
[BlackTeamCountry "HUN"]

1. f4 d5 2. Nf3 Nf6 3. e3 g6 4. d4 Bg7 5. Bd3 Bg4 6. 0-0 0-0 7. Nbd2 Nbd7 8. Qe1 c5 9. c3 Bxf3 10. Rxf3 c4 11. Bc2 b5 12. Qh4 Re8 13. g4 Nf8 14. Kg2 e6 15. e4 dxe4 16. Nxe4 Nxe4 17. Qxd8 Raxd8 18. Bxe4 Rd6 19. g5 Nd7 20. a4 b4 21. a5 f5 22. gxf6 Nxf6 23. Re3 bxc3 24. bxc3 Nxe4 25. Rxe4 Rb8 26. Ba3 Rc6 27. Rae1 Kf7 28. d5 exd5 29. Re7+ Kg8 30. Re8+ Rxe8 31. Rxe8+ Kf7 32. Re7+ Kg8 33. Bb4 d4 34. Re8+ Kf7 1/2-1/2

[Event "HUN-chT2 Breyer 1819"]
[Site "Hungary"]
[Date "2019.02.10"]
[Round "5.8"]
[White "Fellegi, Zoltan"]
[Black "Fekete, Laszlo2222"]
[Result "1-0"]
[WhiteElo "1953"]
[BlackElo "1749"]
[PlyCount "61"]
[EventDate "2018.10.28"]
[EventType "team-tourn"]
[EventRounds "9"]
[EventCountry "HUN"]
[SourceTitle "CBM 189 Extra"]
[Source "ChessBase"]
[SourceDate "2019.06.03"]
[SourceVersion "1"]
[SourceVersionDate "2019.06.03"]
[SourceQuality "1"]
[WhiteTeam "Szekesfehervar"]
[BlackTeam "Esztergom"]
[WhiteTeamCountry "HUN"]
[BlackTeamCountry "HUN"]

1. d4 f5 2. Bg5 Nf6 3. Bxf6 exf6 4. e3 d5 5. Nf3 Be7 6. c4 c6 7. Nc3 Be6 8. Qb3 b6 9. Bd3 Qd6 10. a3 Nd7 11. 0-0 g5 12. cxd5 cxd5 13. Nb5 Qb8 14. Rac1 Bd8 15. Rc8 Qxc8 16. Nd6+ Ke7 17. Nxc8+ Rxc8 18. Ba6 Rc7 19. Nd2 Kf7 20. Nb1 Nb8 21. Bd3 Be7 22. Nc3 h5 23. f3 h4 24. e4 fxe4 25. fxe4 dxe4 26. d5 exd3 27. dxe6+ Kg7 28. Nd5 Bc5+ 29. Kh1 Rcc8 30. Qxd3 Rcd8 31. Rxf6 1-0

[Event "HUN-chT2 Breyer 1718"]
[Site "Hungary"]
[Date "2017.12.03"]
[Round "5.10"]
[White "Fellegi, Zoltan"]
[Black "Kiss, Balazs3333"]
[Result "1-0"]
[WhiteElo "1913"]
[BlackElo "1810"]
[PlyCount "49"]
[EventDate "2017.09.24"]
[EventType "team-tourn"]
[EventRounds "11"]
[EventCountry "HUN"]
[SourceTitle "EXT 2021"]
[Source "ChessBase"]
[SourceDate "2020.10.23"]
[SourceVersion "1"]
[SourceVersionDate "2020.10.23"]
[SourceQuality "1"]
[WhiteTeam "Szekesfehervar"]
[BlackTeam "Vizugy"]
[WhiteTeamCountry "HUN"]
[BlackTeamCountry "HUN"]

1. e4 Nf6 2. Nc3 d5 3. e5 d4 4. exf6 dxc3 5. bxc3 exf6 6. Nf3 Qd5 7. Be2 Bd6 8. 0-0 0-0 9. d4 Bg4 10. h3 Bh5 11. c4 Qe6 12. c5 Be7 13. Bf4 c6 14. Re1 Qf5 15. Bxb8 Raxb8 16. Nh4 Qf4 17. Bxh5 Bxc5 18. dxc5 Qxh4 19. Qg4 Qxg4 20. Bxg4 Rfe8 21. Rad1 Kf8 22. Kf1 g6 23. Rd7 Re5 24. Rxe5 fxe5 25. Be2 1-0

[Event "HUN-chT2 Asztalos 1415"]
[Site "Hungary"]
[Date "2014.11.16"]
[Round "2"]
[White "Lipcsei, Adam"]
[Black "Fellegi, Zoltan"]
[Result "1-0"]
[WhiteElo "2001"]
[BlackElo "2013"]
[PlyCount "73"]
[EventDate "2014.10.12"]
[EventType "team-tourn"]
[EventRounds "9"]
[EventCountry "HUN"]
[SourceTitle "EXT 2016"]
[Source "ChessBase"]
[SourceDate "2015.10.08"]
[SourceVersion "1"]
[SourceVersionDate "2015.10.08"]
[SourceQuality "1"]
[WhiteTeam "Nagyatad"]
[BlackTeam "Fehervar"]
[WhiteTeamCountry "HUN"]
[BlackTeamCountry "HUN"]

1. e4 c5 2. Nf3 Nc6 3. d4 cxd4 4. Nxd4 Nf6 5. Nc3 d6 6. f3 Qb6 7. Nb3 g6 8. Qe2 a6 9. Be3 Qc7 10. g4 h6 11. Qf2 b5 12. 0-0-0 Bg7 13. h4 Be6 14. Kb1 Ne5 15. Nd4 Nc4 16. Nxe6 fxe6 17. Bd4 0-0 18. g5 Nh5 19. Bxg7 Kxg7 20. Bh3 Nf4 21. gxh6+ Kh7 22. Rdg1 b4 23. Nd1 Rf6 24. h5 Nxh5 25. Bxe6 Ne5 26. Rxh5 Rxe6 27. Qg3 Rc8 28. Rh2 Qc5 29. Rhg2 Rf6 30. f4 Nf7 31. Ne3 Nxh6 32. Nd5 Rcf8 33. Rh1 Kg7 34. Qh3 Rh8 35. Nxf6 exf6 36. Qd7+ Nf7 37. Rxh8 1-0

[Event "HUN-chT2 Charousek 1213"]
[Site "Hungary"]
[Date "2013.03.03"]
[Round "8"]
[White "Fellegi, Zoltan"]
[Black "Farkas, Richard"]
[Result "1/2-1/2"]
[WhiteElo "2082"]
[BlackElo "2117"]
[PlyCount "69"]
[EventDate "2012.09.16"]
[EventType "team-tourn"]
[EventRounds "11"]
[EventCountry "HUN"]
[SourceTitle "EXT 2014"]
[Source "ChessBase"]
[SourceDate "2013.11.20"]
[SourceVersion "1"]
[SourceVersionDate "2013.11.20"]
[SourceQuality "1"]
[WhiteTeam "Fehervar"]
[BlackTeam "Kobanya Aquarena"]
[WhiteTeamCountry "HUN"]
[BlackTeamCountry "HUN"]

1. d4 d5 2. c4 dxc4 3. Nc3 a6 4. a4 Nc6 5. Nf3 Nf6 6. e3 Na5 7. Ne5 c5 8. Nxc4 cxd4 9. exd4 e6 10. Be2 Nxc4 11. Bxc4 Bd6 12. h3 0-0 13. 0-0 Qa5 14. Be3 Rd8 15. Qb3 Qb4 16. d5 exd5 17. Nxd5 Nxd5 18. Bxd5 Qxb3 19. Bxb3 Be5 20. Rad1 Bf5 21. Rd5 Be6 22. Rxd8+ Rxd8 23. Bxe6 fxe6 24. b4 Kf7 25. Rc1 Rd5 26. Kf1 Kf6 27. Ke2 Bd6 28. Rc4 b5 29. Rc6 Bxb4 30. Rxa6 bxa4 31. Rxa4 Bc5 32. Rf4+ Ke7 33. Rg4 Bxe3 34. Kxe3 Kf6 35. Rf4+ 1/2-1/2

[Event "HUN-chT2 Asztalos 0203"]
[Site "Hungary"]
[Date "2003.03.02"]
[Round "8"]
[White "Fellegi, Zoltan"]
[Black "Bocska, Janos"]
[Result "1/2-1/2"]
[WhiteElo "2115"]
[BlackElo "2075"]
[PlyCount "87"]
[EventDate "2002.09.22"]
[EventType "team"]
[EventRounds "11"]
[EventCountry "HUN"]
[SourceTitle "EXT 2009"]
[Source "ChessBase"]
[SourceDate "2008.11.26"]
[SourceVersion "1"]
[SourceVersionDate "2008.11.26"]
[SourceQuality "1"]

1. e4 e5 2. Nf3 Nc6 3. Bc4 Bc5 4. d3 d6 5. Be3 Bxe3 6. fxe3 Na5 7. Bb3 Nxb3 8. axb3 Bg4 9. 0-0 Nf6 10. Qe1 c6 11. Qb4 b6 12. Nbd2 a5 13. Qc3 c5 14. d4 exd4 15. exd4 0-0 16. Rf2 Ra7 17. Re1 Re7 18. Nh4 Qd7 19. Qg3 Nh5 20. Qc3 Nf6 21. Rxf6 gxf6 22. Qg3 Kh8 23. h3 Bh5 24. Nf5 Bg6 25. Nxe7 Qxe7 26. Nc4 cxd4 27. Nxb6 Re8 28. Nd5 Qe5 29. Qxe5 fxe5 30. g4 Rc8 31. Re2 Kg7 32. g5 Bxe4 33. Rxe4 Rxc2 34. Ne7 Rxb2 35. Nf5+ Kg6 36. Nxd6 Rxb3 37. Rxe5 Rxh3 38. Rxa5 Rg3+ 39. Kh2 Rxg5 40. Rxg5+ Kxg5 41. Nxf7+ Kf4 42. Nd6 d3 43. Nc4 Ke4 44. Kh3 1/2-1/2